000 00538nam a2200205Ia 4500
003 OSt
005 20230511150306.0
008 210423s1990 xx 000 0 und d
040 _cAL
041 _aeng
082 _a330
_223
_bUDAE
100 _aUDAYASHANKAR (S)
_9103525
245 _aEconomics elements of indian economics
260 _aKottaym
_bOxford University Press
_c1990
365 _b48
_cINR
650 _aEconomics
_9103526
650 _aEconomics
_9103526
906 _aEconomics ; elements ; indian
942 _2ddc
_cBK
999 _c172030
_d172030